| 000 | 00847nam a2200181 4500 | ||
|---|---|---|---|
| 999 |
_c12392 _d12392 |
||
| 008 | 190124b ||||| |||| 00| 0 eng d | ||
| 082 |
_21976 _aDFil.745/ _bC860 |
||
| 245 |
_aCreative designs in arts and crafts: _bmodern handicrafts in work education _cF. S. Cruz, M.E. Jacobo and S.R. Jose |
||
| 260 |
_aManila _bPhilippine Book Company _c©1976 |
||
| 300 |
_a128 pages : _billustrations ; _c24 cm. |
||
| 440 |
_aPractical Arts _934969 |
||
| 505 | _aLeather work procedure and projects--Jewelry making and metal work--Weaving with various types of looms--Carpentry and woodworking--Recipe mosaics--Bending bottles--Newspaper waste paper basket--Drawing and painting for beginners--Ceramics. | ||
| 650 |
_aHandicraft. _934970 |
||
| 700 |
_aCruz, F.S. _934971 |
||
| 700 |
_aJacobo, M.E. _934972 |
||
| 700 |
_aJose, S. R. _934973 |
||
| 942 |
_2ddc _cDFIL |
||